A study to estimate the disamenity costs of landfill in Great Britain (Record no. 102662)

MARC details
000 -LEADER
fixed length control field 01134cam a2200241 4500
001 - CONTROL NUMBER
control field J121420
008 - FIXED-LENGTH DATA ELEMENTS--GENERAL INFORMATION
fixed length control field 030225n2003 000 0 eng u
035 ## - SYSTEM CONTROL NUMBER
System control number (Sirsi) u121420
050 ## - LIBRARY OF CONGRESS CALL NUMBER
Classification number 333.333
-- 18
110 ## - MAIN ENTRY--CORPORATE NAME
Corporate name or jurisdiction name as entry element Cambridge Econometrics
9 (RLIN) 2154
245 #2 - TITLE STATEMENT
Title A study to estimate the disamenity costs of landfill in Great Britain
260 ## - PUBLICATION, DISTRIBUTION, ETC.
Place of publication, distribution, etc. London
Name of publisher, distributor, etc. DEFRA
Date of publication, distribution, etc. 2003
520 ## - SUMMARY, ETC.
Summary, etc. This report commissioned by DEFRA provides a comprehensive analysis of the local nuisance effects of living close to landfill sites. The report concludes that properties sited within half a mile of such a site will suffer from a significant loss in value. View at www.defra.gov.uk.
650 ## - SUBJECT ADDED ENTRY--TOPICAL TERM
Topical term or geographic name entry element DISAMIENITY COSTS
650 ## - SUBJECT ADDED ENTRY--TOPICAL TERM
Topical term or geographic name entry element LANDFILL SITES
650 ## - SUBJECT ADDED ENTRY--TOPICAL TERM
Topical term or geographic name entry element PROPERTY VALUES
690 ## - LOCAL SUBJECT ADDED ENTRY--TOPICAL TERM (OCLC, RLIN)
Topical term or geographic name as entry element Environment
9 (RLIN) 6238
710 ## - ADDED ENTRY--CORPORATE NAME
Corporate name or jurisdiction name as entry element EFTEC
9 (RLIN) 2191
710 ## - ADDED ENTRY--CORPORATE NAME
Corporate name or jurisdiction name as entry element WRc Evaluation and Testing Centre Ltd.
9 (RLIN) 613
710 ## - ADDED ENTRY--CORPORATE NAME
Corporate name or jurisdiction name as entry element Department for Environment, Food and Rural Affairs
9 (RLIN) 4094
856 ## - ELECTRONIC LOCATION AND ACCESS
Uniform Resource Identifier <a href="https://archive.defra.gov.uk/environment/waste/strategy/legislation/landfill/documents/landfill_disamenity.pdf ">https://archive.defra.gov.uk/environment/waste/strategy/legislation/landfill/documents/landfill_disamenity.pdf </a>
Hours access method available View the report on the DEFRA website...
942 ## - ADDED ENTRY ELEMENTS (KOHA)
Suppress in OPAC 0
Holdings
Withdrawn status Lost status Source of classification or shelving scheme Damaged status Not for loan Home library Current library Shelving location Date acquired Total Checkouts Full call number Barcode Date last seen Copy number Price effective from Koha item type
    Dewey Decimal Classification     Virtual Virtual Online 25/02/2003   ONLINE PUBLICATION 121420-2001 06/08/2019 1 06/08/2019 Book